[Event "Nuremberg Zabo op 06th"]
[Site "Nuremberg"]
[Date "2004.09.26"]
[Round "4"]
[White "Bachmann, Rafik"]
[Black "Sha, Siyu"]
[Result "1/2-1/2"]
[WhiteElo "1515"]
[BlackElo "1451"]
[PlyCount "90"]
[EventDate "2004.09.24"]
[EventType "swiss"]
[EventRounds "5"]
[EventCountry "GER"]
[SourceTitle "EXT 2012"]
[Source "ChessBase"]
[SourceDate "2011.11.24"]
[SourceVersion "1"]
[SourceVersionDate "2011.11.24"]
[SourceQuality "1"]

1. e4 c5 2. Nf3 Nc6 3. c3 e5 4. Bc4 g6 5. d4 exd4 6. cxd4 cxd4 7. Nxd4 Nf6 8. Nxc6 bxc6 9. 0-0 d5 10. exd5 cxd5 11. Bb3 Bg7 12. Re1+ Be6 13. Ba4+ Nd7 14. Bc6 Rb8 15. Bxd5 Rb6 16. Nc3 0-0 17. Bxe6 Rxe6 18. Be3 Rfe8 19. Qa4 Qc7 20. Rac1 Nc5 21. Qc4 Qe5 22. b4 Ne4 23. Nb5 Nd6 24. Nxd6 Qxd6 25. Rcd1 Qe7 26. Qb3 Bh6 27. Rd3 Kh8 28. Bd4+ Bg7 29. Bxg7+ Kxg7 30. Rxe6 Qxe6 31. Qxe6 Rxe6 32. Kf1 a6 33. a3 h5 34. a4 Re4 35. Rb3 Kf6 36. b5 axb5 37. axb5 Re7 38. b6 Rb7 39. Rb5 Ke6 40. f4 Kd6 41. h4 Kc6 42. Rb3 Rxb6 43. Rxb6+ Kxb6 44. Kf2 Kc6 45. Kf3 f5 1/2-1/2

[Event "Nuremberg Zabo op 06th"]
[Site "Nuremberg"]
[Date "2004.09.24"]
[Round "1"]
[White "Fey, Franziska"]
[Black "Bachmann, Rafik"]
[Result "1-0"]
[WhiteElo "1962"]
[BlackElo "1515"]
[PlyCount "107"]
[EventDate "2004.09.24"]
[EventType "swiss"]
[EventRounds "5"]
[EventCountry "GER"]
[SourceTitle "EXT 2012"]
[Source "ChessBase"]
[SourceDate "2011.11.24"]
[SourceVersion "1"]
[SourceVersionDate "2011.11.24"]
[SourceQuality "1"]

1. d4 e6 2. c4 d5 3. Nc3 Nf6 4. Bg5 Be7 5. Nf3 Nbd7 6. e3 Ne4 7. Bxe7 Qxe7 8. Bd3 Nxc3 9. bxc3 dxc4 10. Bxc4 Nb6 11. Bd3 Nd5 12. Rc1 Qa3 13. Qd2 0-0 14. 0-0 c5 15. Ne5 Nb6 16. Rfd1 f6 17. Nf3 c4 18. Bb1 Nd7 19. Qe2 b5 20. Nh4 f5 21. e4 Qe7 22. Nf3 Qf6 23. exf5 exf5 24. Re1 Bb7 25. Qe7 Bxf3 26. gxf3 Qg6+ 27. Kh1 Rf7 28. Qe6 Qxe6 29. Rxe6 Nb6 30. Re5 g6 31. Rxb5 Re7 32. Kg1 Rae8 33. Kf1 h5 34. f4 h4 35. Re5 h3 36. Bc2 Rxe5 37. fxe5 Re7 38. Ke2 Rh7 39. Rg1 Kf7 40. Rg3 Nd5 41. Kd2 Rh4 42. Bd1 Rf4 43. Rf3 Rh4 44. Be2 Nb6 45. Bf1 a5 46. Rxh3 Rxh3 47. Bxh3 a4 48. Bg2 Ke6 49. f4 a3 50. Bc6 Nc8 51. d5+ Ke7 52. Ke3 Na7 53. Kd4 Nxc6+ 54. dxc6 1-0